[Event "Gausdal Jubilee"]
[Site "Gausdal"]
[Date "1983.??.??"]
[Round "3"]
[White "Lein, Anatoly"]
[Black "Ogaard, Leif"]
[Result "1/2-1/2"]
[WhiteElo "2490"]
[BlackElo "2475"]

1.d4 Nf6 2.c4 e6 3.Nf3 b6 4.a3 Bb7 5.Nc3 d5 6.cxd5 exd5 7.g3 Be7 8.Bg2 O-O
9.O-O Na6 10.Bf4 c5 11.Rc1 Nc7 12.Qc2 Ne6 13.Rfd1 Nxf4 14.gxf4 Qc7 15.e3 Rad8
16.Ne2 Bc8 17.Ng3 Bg4 18.Rd2 Bxf3 19.Bxf3 g6 20.dxc5 bxc5 21.Rcd1 Qb7 22.Kg2 Rd7
23.Ne2 Rfd8 24.Nc3 Qc6 25.Nxd5 Nxd5 26.Rxd5 Rxd5 27.Rxd5 Rxd5 28.Qc4 Qe6
29.Qxd5 Qxd5 30.Bxd5 Bf6 31.b3 Bb2 32.a4 a5 33.Kf3 Kf8 34.f5 Ke7 35.Ke4 g5
36.Bc4 Bc3 37.Kd5 Bb4 38.Be2 h6 39.h3 Ba3 40.e4 f6 41.e5 fxe5 42.Kxe5 Bb2+
43.Kd5 Ba3  1/2-1/2

[Event "Gausdal Jubilee"]
[Site "Gausdal"]
[Date "1983.??.??"]
[Round "8"]
[White "Lein, Anatoly"]
[Black "Tisdall, Jonathan D"]
[Result "1-0"]
[WhiteElo "2490"]
[BlackElo "2440"]

1.d4 Nf6 2.c4 e6 3.Nf3 b6 4.a3 Bb7 5.Nc3 d5 6.cxd5 Nxd5 7.e3 Be7 8.Bb5+ c6
9.Bd3 c5 10.e4 Nxc3 11.bxc3 O-O 12.O-O cxd4 13.cxd4 Nc6 14.Bb2 Rc8 15.Qe2 Qd6
16.Rad1 Rfe8 17.d5 exd5 18.exd5 Na5 19.Bb5 Red8 20.Rfe1 Bf8 21.Bd3 Qh6 22.Bf5 Rc4
23.Ne5 Bd6 24.Rd3 Rh4 25.h3 Ba6 26.Nxf7 Kxf7 27.Be6+ Kf8 28.Rf3+ Rf4 29.Rxf4+ Qxf4
30.Qxa6 Nc4 31.Bc1 Qh2+ 32.Kf1 Ne5 33.Rxe5 Qxe5 34.Qxa7 Bc7 35.g3 Qc3 36.Bf4 Qd3+
37.Ke1 Qb1+ 38.Ke2 Qc2+ 39.Kf3 Qd3+ 40.Be3 Qc4 41.a4 Rd6 42.Kg2 h6 43.Kg1 g5
44.a5  1-0

[Event "Gausdal Jubilee"]
[Site "Gausdal"]
[Date "1983.??.??"]
[Round "9"]
[White "Agdestein, Simen"]
[Black "Ogaard, Leif"]
[Result "1/2-1/2"]
[WhiteElo "2380"]
[BlackElo "2475"]

1.d4 Nf6 2.Nf3 e6 3.c4 b6 4.a3 Bb7 5.Nc3 d5 6.cxd5 exd5 7.g3 Be7 8.Bg2 O-O
9.O-O Na6 10.Qa4 c5 11.Bg5 Qe8 12.Qb3 Rd8 13.Bxf6 Bxf6 14.Rad1 c4 15.Qa2 Nc7
16.Rfe1 Qe6 17.b4 Rfe8 18.b5 Qd6 19.Qb2 g6 20.e3  1/2-1/2

[Event "Bundesliga 8283"]
[Site "Germany"]
[Date "1983.??.??"]
[Round "?"]
[White "Schlemmermeyer, Wilhelm"]
[Black "Bartsch, Berthold"]
[Result "0-1"]
[WhiteElo "2220"]
[BlackElo "2255"]

1.d4 Nf6 2.Nf3 e6 3.c4 b6 4.a3 Bb7 5.Nc3 Be7 6.d5 exd5 7.cxd5 O-O 8.e4 d6
9.Bd3 Nbd7 10.O-O Nc5 11.Bc2 a5 12.Re1 Qd7 13.Rb1 b5 14.b4 axb4 15.Rxb4 c6
16.e5 Nxd5 17.Nxd5 cxd5 18.exd6 Bf6 19.Ne5 Qxd6 20.Bf4 Qa6 21.Re3 g6 22.Ng4 Bg7
23.Nh6+ Kh8 24.Rh3 Ne4 25.Rd4 Qf6 26.Be3 Rxa3 27.Rf3 Qe6 28.Bxe4 dxe4 29.Nxf7+ Kg8
30.Ng5 Qb3 31.Rxf8+ Bxf8 32.Qxb3+ Rxb3 33.h4 Rd3 34.Nxe4 Rxd4 35.Nf6+ Kf7
36.Bxd4 Bg7 37.Ne8 Bf8 38.Nf6 Bg7 39.Ne8 Bxd4 40.Nd6+ Ke6 41.Nxb7 Bb6 42.Kf1 Kd7
43.g4 h5 44.f4 hxg4  0-1

[Event "EU-ch U20"]
[Site "Groningen"]
[Date "1983.??.??"]
[Round "4"]
[White "Miralles, Gilles"]
[Black "Stohl, Igor"]
[Result "1/2-1/2"]
[WhiteElo "2290"]
[BlackElo "2335"]

1.d4 Nf6 2.c4 e6 3.Nf3 b6 4.a3 Ba6 5.Qc2 Bb7 6.Nc3 c5 7.e4 cxd4 8.Nxd4 d6
9.Be2 Be7 10.Be3 a6 11.O-O O-O 12.Rfd1 Nbd7 13.f3 Re8 14.Qd2 Rc8 15.Rac1 Qc7
16.Bf1 Qb8 17.Na4 Bd8 18.b4 Bc7 19.g3 Kh8 20.Qf2 Ne5 21.Be2 d5 22.exd5 exd5
23.c5 b5 24.Nb2 Nc4 25.Nxc4 dxc4 26.Nf5 Nd5 27.Bd4 f6 28.Bf1 Rcd8 29.Re1 Bc8
30.Rxe8+ Rxe8 31.Ne3  1/2-1/2

[Event "EU-ch U20"]
[Site "Groningen"]
[Date "1983.??.??"]
[Round "11"]
[White "Miralles, Gilles"]
[Black "Nijboer, Friso"]
[Result "1-0"]
[WhiteElo "2290"]
[BlackElo "2285"]

1.d4 Nf6 2.c4 e6 3.Nf3 b6 4.a3 Bb7 5.Nc3 d5 6.cxd5 Nxd5 7.Qc2 Nxc3 8.bxc3 Nd7
9.e4 c5 10.Bd3 Qc7 11.Qb1 Be7 12.O-O O-O 13.Be3 Rac8 14.Rd1 Rfd8 15.a4 e5
16.d5 c4 17.Be2 Ba6 18.Nd2 Bd6 19.Ra2 f6 20.g3 Nc5 21.Bxc5 Bxc5 22.Kg2 Be7
23.Nf1 Kh8 24.Ne3 Bc5 25.Nxc4 Bxf2 26.d6 Qb7 27.d7 Rxd7 28.Nd6 Rxd6 29.Rxd6 Bc5
30.Bxa6 Qxa6 31.Qd3 Qxd3 32.Rxd3 a5 33.Rad2 h5 34.Rd8+ Rxd8 35.Rxd8+ Kh7
36.Kf3 Kg6 37.Rd7 Bg1 38.h3 Bc5 39.Rb7 Kh6 40.Rd7 Kg6 41.Ke2 Kh6 42.Kf3 Kg6
43.g4 hxg4+ 44.Kxg4 Bf2 45.Rc7 Be1 46.c4 Bf2 47.Rb7 Bc5 48.h4 Bd4 49.h5+ Kh6
50.Rf7 Bc5 51.Kf5 Bd4 52.Rf8 Kh7 53.h6 gxh6 54.Kxf6 h5 55.Kg5 Kg7 56.Rf1 h4
57.Kxh4 Kg6 58.Rf5 Bc3 59.Rg5+ Kf6 60.Kh5 Ke7 61.Rg6  1-0

[Event "Hamar op"]
[Site "Hamar"]
[Date "1983.??.??"]
[Round "2"]
[White "Beutel, Hubert"]
[Black "Bjerke, Richard"]
[Result "1/2-1/2"]
[WhiteElo "2200"]
[BlackElo "2280"]

1.d4 Nf6 2.c4 e6 3.Nf3 b6 4.a3 c5 5.d5 Ba6 6.Qc2 exd5 7.cxd5 g6 8.Nc3 Bg7
9.e4 Bxf1 10.Kxf1 d6 11.g3 O-O 12.Kg2 a6 13.a4 Nbd7 14.Re1 Qc7 15.h3 Rfe8
16.Bf4 Nh5 17.Be3 Ne5 18.Nxe5 Bxe5 19.Rad1 Bg7 20.Qd2 Nf6 21.Bh6 Nd7 22.Bxg7 Kxg7
23.f4 Rab8  1/2-1/2

[Event "Hamar op"]
[Site "Hamar"]
[Date "1983.??.??"]
[Round "4"]
[White "Petursson, Margeir"]
[Black "Levitt, Jonathan"]
[Result "1-0"]
[WhiteElo "2455"]
[BlackElo "2310"]

1.d4 Nf6 2.c4 e6 3.Nf3 b6 4.a3 d5 5.cxd5 exd5 6.Nc3 Be7 7.g3 O-O 8.Bg2 Bb7
9.O-O c5 10.Bf4 Nc6 11.dxc5 bxc5 12.Ne5 Nd4 13.Nc4 Re8 14.Ne3 Bf8 15.Bg5 Re5
16.Bxf6 gxf6 17.Ng4 Re6 18.e3 f5 19.exd4 fxg4 20.dxc5 Qg5 21.Qb3 Bc6 22.Bxd5 Bxd5
23.Qxd5 Qxd5 24.Nxd5 Re5 25.Nf6+ Kg7 26.Nd7 Re2 27.b4 Rd8 28.Rfd1 Rc2 29.Nxf8 Rxf8
30.Rac1  1-0

[Event "Hamar op"]
[Site "Hamar"]
[Date "1983.??.??"]
[Round "9"]
[White "Sjoberg, Mats"]
[Black "Levitt, Jonathan"]
[Result "1/2-1/2"]
[WhiteElo "2370"]
[BlackElo "2310"]

1.d4 Nf6 2.c4 e6 3.Nf3 b6 4.a3 Bb7 5.Nc3 d5 6.cxd5 exd5 7.Bg5 Be7 8.e3 O-O
9.Bd3 c5 10.Qc2 h6 11.Bf4 Nc6 12.Rd1 a6  1/2-1/2

[Event "Hannover"]
[Site "Hannover"]
[Date "1983.??.??"]
[Round "5"]
[White "Ostermeyer, Peter"]
[Black "Sosonko, Gennadi"]
[Result "1/2-1/2"]
[WhiteElo "2450"]
[BlackElo "2575"]

1.d4 Nf6 2.c4 e6 3.Nf3 b6 4.a3 Bb7 5.Nc3 d5 6.cxd5 Nxd5 7.Qc2 c5 8.e4 Nxc3
9.bxc3 Nd7 10.Bd3 Qc7 11.Qb1 g6 12.O-O Bg7 13.Ra2 O-O 14.Re1 a6 15.a4 Rfc8
16.h3 Bc6 17.Be3 c4 18.Bc2 b5 19.Nd2 Nb6 20.a5 Nd7 21.e5 f5 22.exf6 Nxf6
23.Ne4 Nxe4  1/2-1/2

[Event "Hannover"]
[Site "Hannover"]
[Date "1983.??.??"]
[Round "14"]
[White "Ostermeyer, Peter"]
[Black "Qi Jingxuan"]
[Result "1-0"]
[WhiteElo "2450"]
[BlackElo "2430"]

1.d4 Nf6 2.c4 e6 3.Nf3 b6 4.a3 Ba6 5.Qc2 c5 6.d5 Qe7 7.Bg5 exd5 8.Nc3 Bxc4
9.e4 Qe6 10.Bxf6 Qxf6 11.exd5 Bxf1 12.Kxf1 Be7 13.Qe4 d6 14.Re1 a6 15.h4 Ra7
16.Qa4+ Rd7 17.Ne4 Qh6 18.Qb3 b5 19.a4 b4 20.g3 O-O 21.Kg2 Rc7 22.Qc4 Ra7
23.Ned2 Bd8 24.Qd3 Qg6 25.Qxg6 hxg6 26.Nc4 Re7 27.Rxe7 Bxe7 28.Re1 Bf6 29.g4 Nd7
30.g5 Bd4 31.Nxd4 cxd4 32.Rd1 Nc5 33.Rxd4 Rd8 34.Na5 Nxa4 35.Rxb4 Nc5 36.Rb6 Kf8
37.Nc4 Ke7 38.b4 Nd3 39.Kf3 Rc8 40.Rb7+ Kf8 41.Nxd6 Rc3 42.Rxf7+ Kg8 43.Ke4 Nxb4
44.Rb7 a5 45.Rb8+  1-0

[Event "Havana-B"]
[Site "Havana"]
[Date "1983.??.??"]
[Round "4"]
[White "Pilarte, Rene"]
[Black "Frias, Victor J"]
[Result "1/2-1/2"]
[WhiteElo "2320"]
[BlackElo "2440"]

1.d4 Nf6 2.c4 e6 3.Nf3 b6 4.a3 c5 5.Nc3 cxd4 6.Nxd4 d6 7.e4 Bb7 8.Bd3 Be7
9.O-O O-O 10.Bg5 Nbd7 11.Rc1 Nc5 12.Re1 h6 13.Be3 Ng4 14.Qxg4 Nxd3 15.Bxh6 Bf6
16.Re3 Nxf2 17.Kxf2 Bxd4 18.Ke2 Qf6 19.Bg5 Qg6 20.Rh3 f6 21.Qxe6+ Rf7 22.Nd5 Bxd5
23.cxd5 Bc5 24.Rg3 Qh5+ 25.Kd3 Bf2 26.Rf3 Qxg5 27.Rc8+ Rxc8 28.Qxc8+ Rf8
29.Qe6+ Kh7 30.Rxf2 Qc1 31.Qh3+ Kg8 32.Qe6+ Kh7 33.Qh3+ Kg8 34.Qe6+  1/2-1/2

[Event "Havana-B"]
[Site "Havana"]
[Date "1983.??.??"]
[Round "8"]
[White "Ortega, Lexy"]
[Black "Frias, Victor J"]
[Result "1/2-1/2"]
[WhiteElo "2425"]
[BlackElo "2440"]

1.d4 Nf6 2.c4 e6 3.Nf3 b6 4.a3 Bb7 5.Nc3 d5 6.cxd5 exd5 7.Bf4 Be7 8.g3 O-O
9.Bg2 Nbd7 10.O-O Nh5 11.Ne5 Nxf4 12.gxf4 Nf6 13.b4 Ne4 14.Qc2 f5 15.Rac1 Bd6
16.e3 Kh8 17.Nxe4 dxe4 18.f3 exf3 19.Bxf3 Bxf3 20.Rxf3  1/2-1/2

[Event "Havana-B"]
[Site "Havana"]
[Date "1983.??.??"]
[Round "10"]
[White "Ortega, Lexy"]
[Black "Cruz Lima, Jose M"]
[Result "1-0"]
[WhiteElo "2425"]
[BlackElo "2325"]

1.d4 Nf6 2.c4 e6 3.Nf3 b6 4.a3 Ba6 5.Qc2 c5 6.d5 exd5 7.cxd5 d6 8.Nc3 Be7
9.g3 O-O 10.Bg2 Re8 11.O-O Nbd7 12.h3 Bf8 13.b4 Rc8 14.b5 Bb7 15.Nd2 h6 16.e4 c4
17.Nf3 g6 18.Nd4 Bg7 19.Be3 Nc5 20.Nc6 Bxc6 21.dxc6 Nd3 22.Rab1 Nxe4 23.Nxe4 d5
24.Nd2 Rxe3 25.fxe3 Qg5 26.Kh2 Be5 27.Rf4 Qe7 28.Bxd5 Bxf4 29.exf4 Qe2+ 30.Bg2 Re8
31.c7 Rc8 32.Qxc4 Qxd2 33.Qd5 Rf8 34.Rb3  1-0

[Event "Havana"]
[Site "Havana"]
[Date "1983.??.??"]
[Round "12"]
[White "Garcia Gonzales, Guillermo"]
[Black "Sisniega, Marcel"]
[Result "1-0"]
[WhiteElo "2515"]
[BlackElo "2455"]

1.d4 Nf6 2.Nf3 e6 3.c4 b6 4.a3 Bb7 5.Nc3 Ne4 6.Nxe4 Bxe4 7.Nd2 Bg6 8.g3 d5
9.Bg2 Be7 10.e4 dxe4 11.Nxe4 O-O 12.Nc3 c6 13.O-O a6 14.Be3 b5 15.Qe2 bxc4
16.Qxc4 Qb6 17.d5 exd5 18.Nxd5 cxd5 19.Qxd5 Qxb2 20.Qxa8 Bxa3 21.Qd5 Be7
22.Bd4 Qb4 23.Rfe1 h6 24.Bb6 Kh7 25.Ba5 Qb2 26.Ra2 Qf6 27.h4 Bd8 28.Bb4 Rg8
29.Rae2 Bb6 30.h5 Bf5 31.Be7  1-0

[Event "URS-ch sf"]
[Site "Irkutsk"]
[Date "1983.??.??"]
[Round "?"]
[White "Tavadian, Ragik"]
[Black "Psakhis, Lev"]
[Result "0-1"]
[WhiteElo "2260"]
[BlackElo "2580"]

1.d4 Nf6 2.c4 e6 3.Nf3 b6 4.a3 Bb7 5.Nc3 d5 6.cxd5 exd5 7.g3 Be7 8.Bg2 O-O
9.O-O c5 10.Bf4 Nc6 11.dxc5 bxc5 12.Ne5 Nd4 13.b4 Ne6 14.bxc5 Bxc5 15.Nd3 Bb6
16.Rb1 Ne4 17.Na4 d4 18.Qc1 Bd5 19.Nxb6 axb6 20.Bd2 Nxd2 21.Qxd2 Bxg2 22.Kxg2 Rxa3
23.Rb2 Nc5 24.Ne5 Re8 25.Qf4 Qd5+ 26.Nf3 d3 27.Rd1 Qc6 28.e3 Ra4 29.Qg5 h6
30.Qh5 Ra5 31.Qh3 Re6 32.Rdb1 Nd7 33.g4 h5 34.Kf1 hxg4 35.Qxg4 Rg6 36.Qh3 Rh6
37.Qg3 Rg6 38.Qh3 Rc5 39.e4 Rc1+ 40.Ne1 Rxb1 41.Rxb1 d2  0-1

[Event "Jurmala"]
[Site "Jurmala"]
[Date "1983.??.??"]
[Round "5"]
[White "Petrosian, Arshak B"]
[Black "Tal, Mihail"]
[Result "1/2-1/2"]
[WhiteElo "2480"]
[BlackElo "2620"]

1.d4 Nf6 2.c4 e6 3.Nf3 b6 4.a3 Ba6 5.Qc2 Bb7 6.Nc3 c5 7.e4 cxd4 8.Nxd4 Bc5
9.Nb3 Nc6 10.Bg5 h6 11.Bh4 Be7 12.Bg3 Rc8 13.Be2 O-O 14.Rd1 Ba6 15.e5 Ne8
16.Ne4 Bh4 17.Qc3 Bxg3 18.hxg3 f5 19.exf6 Nxf6 20.Nd6 Rc7 21.Nd4 Nxd4 22.Qxd4 Ne8
23.Rh4 Qe7 24.b3 Nxd6 25.Qxd6 Qxd6 26.Rxd6 Kf7 27.Rf4+ Ke7 28.Rxf8 Kxf8  1/2-1/2

[Event "Jurmala"]
[Site "Jurmala"]
[Date "1983.??.??"]
[Round "13"]
[White "Petrosian, Arshak B"]
[Black "Kengis, Edvins"]
[Result "1/2-1/2"]
[WhiteElo "2480"]
[BlackElo "2460"]

1.d4 Nf6 2.c4 e6 3.Nf3 b6 4.a3 Ba6 5.Qc2 Bb7 6.Nc3 c5 7.dxc5 Bxc5 8.Bf4 O-O
9.Rd1 Nc6 10.e3 Rc8 11.Be2 Be7 12.O-O Na5 13.Ne5 Ba6 14.Qa4  1/2-1/2

[Event "Lloyds Bank op"]
[Site "London"]
[Date "1983.??.??"]
[Round "?"]
[White "Plaskett, Jim"]
[Black "Zak, Uriel"]
[Result "1/2-1/2"]
[WhiteElo "2440"]
[BlackElo "2350"]

1.d4 Nf6 2.c4 e6 3.Nf3 b6 4.a3 Bb7 5.Nc3 d5 6.cxd5 Nxd5 7.Qc2 c5 8.dxc5 Bxc5
9.Bg5 Be7 10.Nxd5 exd5 11.Bxe7 Qxe7 12.e3 O-O 13.Bd3 h6 14.O-O  1/2-1/2

[Event "Lugano op"]
[Site "Lugano"]
[Date "1983.??.??"]
[Round "?"]
[White "Henley, Ron W"]
[Black "Tompa, Janos"]
[Result "1/2-1/2"]
[WhiteElo "2525"]
[BlackElo "2395"]

1.d4 Nf6 2.c4 e6 3.Nf3 b6 4.a3 Bb7 5.Nc3 d5 6.cxd5 exd5 7.g3 Be7 8.Qa4+ c6
9.Bg2 O-O 10.O-O Re8 11.Bf4 Nbd7 12.Ne5 Nxe5 13.Bxe5 Bd6 14.Bxf6 Qxf6 15.e4 dxe4
16.Nxe4 Qg6 17.Rfe1 Bf8 18.Nc3 Rxe1+ 19.Rxe1 Qd6 20.Rd1 Qe6  1/2-1/2

[Event "Marshall CC-ch"]
[Site "New York"]
[Date "1983.??.??"]
[Round "3"]
[White "Goodman, David SC"]
[Black "Kastner, Jeffrey"]
[Result "1-0"]
[WhiteElo "2400"]
[BlackElo "2365"]

1.d4 Nf6 2.c4 e6 3.Nf3 b6 4.a3 Ba6 5.Nbd2 Bb7 6.Qc2 c5 7.e4 cxd4 8.e5 Ng4
9.h3 Nh6 10.Ne4 d5 11.exd6 Nf5 12.Bd3 h6 13.O-O Nxd6 14.Nxd4 Nxe4 15.Bxe4 Bxe4
16.Qxe4 Nd7 17.Re1 Bc5 18.Nxe6 fxe6 19.Qxe6+ Kf8 20.Rd1 Qf6 21.Qxd7 Qxf2+
22.Kh1 Kg8 23.Qd5+  1-0

[Event "Marshall CC-ch"]
[Site "New York"]
[Date "1983.??.??"]
[Round "4"]
[White "Schroer, Jonathan"]
[Black "Zaltsman, Vitaly F"]
[Result "0-1"]
[WhiteElo "2365"]
[BlackElo "2445"]

1.d4 Nf6 2.c4 e6 3.Nf3 b6 4.a3 c5 5.d5 exd5 6.cxd5 g6 7.Nc3 Bg7 8.e4 O-O
9.Bg5 d6 10.Nd2 a6 11.a4 Qc7 12.Be2 Ne8 13.Nc4 f6 14.Bh4 Nd7 15.O-O f5 16.exf5 gxf5
17.Be7 Rf7 18.Bg5 Ne5 19.Nxe5 Bxe5 20.Bh5 Rf8 21.f4 Bd4+ 22.Kh1 Qg7 23.Bd8 Nf6
24.Bxb6 Bb7 25.Bf3 Rae8 26.Qd3 Ng4 27.Bxg4 Re3 28.Qd1 fxg4 29.Ne2 Bxb2 30.Rb1 Rfe8
31.Ng3 Rxg3 32.Rxb2 Qxb2 33.hxg3 Qxb6 34.Qxg4+ Kh8 35.Qd7 Rg8 36.Qf7 Qb2
37.Rf3 Qg7 38.Qe6 Qg6 39.Re3 Qxe6 40.Rxe6 Kg7  0-1

[Event "Nordic-tt"]
[Site "Oslo"]
[Date "1983.??.??"]
[Round "?"]
[White "Holm Petersen, Sejer"]
[Black "Schussler, Harry"]
[Result "1/2-1/2"]
[WhiteElo "2375"]
[BlackElo "2485"]

1.d4 Nf6 2.c4 e6 3.Nf3 b6 4.a3 Ba6 5.b3 d5 6.e3 Be7 7.Bd3 O-O 8.O-O Nbd7
9.Nc3 Bb7 10.Bb2 c5 11.cxd5 exd5 12.Ne5 Re8 13.f4 Bf8 14.Qf3 cxd4 15.exd4 Ne4
16.Qh3 Ndf6 17.Bb5 Re7 18.Nxe4 Nxe4 19.f5 f6 20.Ng6 Rc7 21.Nf4 Rc2 22.Ne6 Qe7
23.Rae1 Rxb2 24.Rxe4 dxe4 25.Bc4 h6 26.Ng5+ Kh8 27.Nf7+ Qxf7 28.Bxf7 e3 29.Re1 Rxg2+  1/2-1/2

[Event "Paris"]
[Site "Paris"]
[Date "1983.??.??"]
[Round "?"]
[White "Plaskett, Jim"]
[Black "Skembris, Spyridon"]
[Result "1-0"]
[WhiteElo "2440"]
[BlackElo "2405"]

1.Nf3 Nf6 2.c4 b6 3.d4 e6 4.a3 Ba6 5.Qc2 Bb7 6.Bg5 c5 7.d5 Be7 8.Bxf6 Bxf6
9.e4 exd5 10.cxd5 d6 11.Bd3 Nd7 12.O-O O-O 13.Nc3 g6 14.Nd2 a6 15.a4 Bd4
16.Ne2 Bg7 17.f4 Rc8 18.Nc4 b5 19.Nxd6 c4 20.Nxc8 Bxc8 21.axb5 cxd3 22.Qxd3 Qb6+
23.Kh1 axb5 24.e5 Bb7 25.b4 Rd8 26.Ra5 Bf8 27.Rfa1 Bxb4 28.Rxb5 Ba6 29.Rxb6 Bxd3
30.Rxb4 Bxe2 31.Rc1 h5 32.h3 Nf8 33.Rc5 Bd3 34.Kg1 Bf5 35.Rb7 Be4 36.Rbb5 h4
37.Kf2 Nd7 38.Rc7 Nf8 39.Rcc5 Nd7 40.Rc1 Nf8 41.Rd1 Rd7 42.Rd2 Kg7 43.Ke3 Bf5
44.Rdb2 Rc7 45.Rb7 Rc3+ 46.Kd4 Rd3+ 47.Kc4 Rd1 48.e6 Bxe6 49.dxe6 Nxe6 50.Rf2 Rd4+
51.Kc3 Rxf4 52.Rxf4 Nxf4 53.Rb2 Kh6 54.Kd4 Kg5 55.Rb5+ Kf6 56.Ke4 Ne6 57.Ra5 Ng7
58.Ra7 Ne6 59.Ra5 Ng5+ 60.Kf4 Ne6+ 61.Kg4 g5 62.Kh5 Nf4+ 63.Kh6 Nxg2 64.Rxg5 Nf4
65.Rg4 Nxh3 66.Rxh4 Ng1 67.Rh1 Ne2 68.Rf1+ Ke5 69.Re1 Kf4 70.Rxe2 f5 71.Kh5 Kf3
72.Ra2 f4 73.Kh4  1-0

[Event "EU-chT Plovdiv"]
[Site "Plovdiv"]
[Date "1983.??.??"]
[Round "5"]
[White "Ligterink, Gert"]
[Black "Csom, Istvan"]
[Result "1/2-1/2"]
[WhiteElo "2440"]
[BlackElo "2505"]

1.d4 Nf6 2.c4 e6 3.Nf3 b6 4.a3 Bb7 5.Nc3 Ne4 6.Nxe4 Bxe4 7.Nd2 Bb7 8.e4 g6
9.Bd3 Bg7 10.Nf3 d6 11.Bg5 Qd7 12.Qd2 h6 13.Be3 Nc6 14.O-O Ne7 15.d5 c5 16.dxc6 Nxc6
17.Rad1 g5 18.Bb1 Rd8 19.b4 Qc7 20.Qc1 Rc8 21.c5 dxc5 22.bxc5 b5 23.Rd6 Ne5
24.Nxe5 Bxe5 25.Qd2 Rg8 26.Rd1 Bc6 27.f4 gxf4 28.Bxf4 Bxd6 29.Bxd6 Qd8 30.Rf1 Qh4
31.g3 Qh5 32.Qf4 Rd8 33.e5 f5 34.exf6 Kf7 35.Be4 Rg4 36.Bf3 Rdg8 37.Bxg4 Rxg4
38.Qd2 Qd5 39.Qxd5 Bxd5 40.Rf4 Rg5 41.a4 a6 42.axb5 axb5 43.Rb4 Bc6 44.Rb2 Kxf6
45.Ra2 Rg8 46.Rf2+ Kg6 47.Be5 Bd5 48.Rf6+ Kh7 49.Rf7+ Kg6 50.Rf6+ Kh7  1/2-1/2

[Event "Rubinstein mem"]
[Site "Polanica Zdroj"]
[Date "1983.??.??"]
[Round "7"]
[White "Stempin, Pawel"]
[Black "Farago, Ivan"]
[Result "1/2-1/2"]
[WhiteElo "2380"]
[BlackElo "2495"]

1.d4 Nf6 2.c4 e6 3.Nf3 b6 4.a3 Ba6 5.Qc2 Bb7 6.Nc3 c5 7.e4 cxd4 8.Nxd4 d6
9.Be2 Be7 10.O-O O-O 11.Be3 a6 12.Rfd1 Qc7 13.f3 Nbd7 14.Rac1 Rac8 15.Bf1 Qb8
16.Qf2 Bd8 17.Kh1 Re8 18.Qg1 h6 19.b4 Bc7 20.Bf2 Kh8 21.Na4 Rg8 22.Be3 g5
23.Be2 Rg6 24.c5 dxc5 25.bxc5 bxc5 26.Nxc5 Nxc5 27.Rxc5 Bd6 28.Rxc8+ Qxc8
29.Nb5 axb5 30.Rxd6 g4 31.Qd1 Kh7 32.Rd4 gxf3 33.Bxf3 e5 34.Rb4 Qc3 35.Qc1 Qd3
36.Bg1 Nxe4 37.Qe3 Qc2 38.Rxe4 f5 39.Qa7 Rg7 40.Re2 Qxe2 41.Qxb7 Rxb7 42.Bxe2 b4
43.axb4  1/2-1/2

[Event "Sarajevo"]
[Site "Sarajevo"]
[Date "1983.??.??"]
[Round "?"]
[White "Drasko, Milan"]
[Black "Kurajica, Bojan"]
[Result "1/2-1/2"]
[WhiteElo "2330"]
[BlackElo "2510"]

1.d4 e6 2.c4 b6 3.Nf3 Nf6 4.a3 d5 5.cxd5 exd5 6.g3 Be7 7.Bg2 O-O 8.O-O c5
9.Nc3 Bb7 10.Bf4 Na6 11.Ne5 Nc7 12.dxc5 bxc5 13.Nc4 Rb8 14.Bxc7 Qxc7 15.Nxd5 Bxd5
16.Bxd5 Rbd8 17.e4 Nxe4 18.Qf3 Rxd5 19.Qxe4 Rd4 20.Qe2 Bf6 21.Rac1 Qb7 22.Rfe1 Rdd8
23.Rc2 Qa8 24.Qh5 Bd4 25.Nd2 Rb8 26.Rb1 Rb6 27.Qf3 Qb8 28.Ne4 Rb3 29.Qf5 g6
30.Qg5 Rxa3 31.Nxc5 Ra5 32.b4 Rb5 33.Rd1  1/2-1/2

[Event "Sarajevo"]
[Site "Sarajevo"]
[Date "1983.??.??"]
[Round "?"]
[White "Lputian, Smbat G"]
[Black "Farago, Ivan"]
[Result "1/2-1/2"]
[WhiteElo "2495"]
[BlackElo "2505"]

1.d4 Nf6 2.c4 e6 3.Nf3 b6 4.a3 Ba6 5.Qb3 c6 6.Bg5 d5 7.Nbd2 Be7 8.e3 O-O
9.Bd3 h6 10.Bh4 c5 11.dxc5 Nbd7 12.cxb6 Nc5 13.Qc2 Nxd3+ 14.Qxd3 axb6 15.b3  1/2-1/2

[Event "BCF-ch"]
[Site "Southport"]
[Date "1983.??.??"]
[Round "2"]
[White "Bradbury, Neil H"]
[Black "Littlewood, Paul E"]
[Result "1-0"]
[WhiteElo "2295"]
[BlackElo "2455"]

1.d4 Nf6 2.c4 e6 3.Nf3 b6 4.a3 c5 5.d5 Ba6 6.Qc2 exd5 7.cxd5 g6 8.Nc3 Bg7
9.Bg5 h6 10.Bh4 d6 11.Nd2 O-O 12.e4 Bxf1 13.Nxf1 b5 14.f3 Nbd7 15.Ne3 Qb6
16.Bf2 Ne5 17.O-O Qb7 18.Qd2 Nh5 19.Rab1 Rab8 20.Ne2 Qd7 21.f4 Nc4 22.Nxc4 bxc4
23.e5 Rbc8 24.Ng3 Nxg3 25.Bxg3 Rcd8 26.Rbd1 Rfe8 27.Rfe1 Kh7 28.Qc2 Qg4 29.Kf2 Rb8
30.Rd2 Rb6 31.h3 Qh5 32.Rde2 Reb8 33.Qxc4 Rxb2 34.Rxb2 Rxb2+ 35.Kg1 Qf5 36.Qe4 Qd7
37.e6 Qe7 38.f5 gxf5 39.Qxf5+ Kg8 40.Bxd6 fxe6 41.Qxe6+ Qf7 42.Qxf7+ Kxf7
43.Re7+ Kf6 44.Rxa7 c4 45.Rc7 Rd2 46.Bb4 Rd1+ 47.Kf2 Kg6 48.d6 c3 49.Bxc3 Bxc3
50.Rxc3 Rxd6 51.Rc2 Ra6 52.Ra2 Ra4 53.Ke3 Kf5 54.Kd3 Ke6 55.Kc3 Kd6 56.Kb3 Re4
57.a4 Kc5 58.Kc3 Kb6 59.Kd3 Rb4 60.a5+ Ka6 61.Ra3 h5 62.g3 h4 63.g4 Rb1 64.Ke4 Rg1
65.Kf4 Rg2 66.Re3 Kxa5 67.Kg5 Rg3 68.Re5+  1-0

[Event "BCF-ch"]
[Site "Southport"]
[Date "1983.??.??"]
[Round "7"]
[White "Bradbury, Neil H"]
[Black "Ravikumar, Vaidyanathan"]
[Result "1/2-1/2"]
[WhiteElo "2295"]
[BlackElo "2390"]

1.d4 Nf6 2.c4 e6 3.Nf3 b6 4.a3 c5 5.d5 Ba6 6.Qc2 Qe7 7.g3 exd5 8.cxd5 g6
9.Nc3 Bg7 10.Bg2 O-O 11.O-O d6 12.Re1 Nbd7 13.h3 Ne8 14.e4 Nc7 15.a4 Rfe8
16.Bf4 f6 17.h4 Rf8 18.Rab1 Bc8  1/2-1/2

[Event "SWE-ch"]
[Site "?"]
[Date "1983.??.??"]
[Round "?"]
[White "Hammar, Bengt"]
[Black "Schneider, Lars Ake"]
[Result "1/2-1/2"]
[WhiteElo "2370"]
[BlackElo "2455"]

1.d4 Nf6 2.c4 e6 3.Nf3 b6 4.a3 Ba6 5.Qa4 Bb7 6.Nc3 c5 7.dxc5 Bxc5 8.Bg5 O-O
9.e3 Be7 10.Be2 d6 11.O-O Nbd7 12.b4 a6 13.Qb3 Rc8 14.Rac1 Qc7 15.Rfd1 Rfe8
16.h3  1/2-1/2

[Event "Trnava"]
[Site "Trnava"]
[Date "1983.??.??"]
[Round "?"]
[White "Schmidt, Wlodzimierz"]
[Black "Ornstein, Axel"]
[Result "1-0"]
[WhiteElo "2450"]
[BlackElo "2450"]

1.d4 Nf6 2.c4 e6 3.Nf3 b6 4.a3 c5 5.d5 exd5 6.cxd5 g6 7.Nc3 Bg7 8.e4 O-O
9.Bd3 d6 10.h3 a6 11.O-O b5 12.Bf4 Qb6 13.Qd2 Nbd7 14.b4 cxb4 15.axb4 Bb7
16.Rac1 Rac8 17.Na2 Rfe8 18.Rfe1 Nh5 19.Be3 Qd8 20.Rxc8 Bxc8 21.Qc2 Ne5 22.Be2 Nxf3+
23.Bxf3 Nf6 24.Qc6 Nd7 25.Qxd6 Bf8 26.Qg3 Qf6 27.Qc7 Bd6 28.Qc1 Ne5 29.Be2 Nc4
30.Bxc4 bxc4 31.Bc5 Be5 32.Qxc4 Qf4 33.g3 Qf3 34.Qe2 Qa3 35.Kg2 f5 36.exf5 Bd7
37.fxg6 hxg6 38.Qd2 Bb2 39.Rxe8+ Bxe8 40.Qh6 Bb5 41.Qxg6+ Kh8 42.Qh6+  1-0

[Event "Vrnjacka Banja"]
[Site "Vrnjacka Banja"]
[Date "1983.??.??"]
[Round "8"]
[White "Skembris, Spyridon"]
[Black "Marjanovic, Slavoljub"]
[Result "1/2-1/2"]
[WhiteElo "2405"]
[BlackElo "2435"]

1.d4 Nf6 2.c4 e6 3.Nf3 b6 4.a3 Ba6 5.Qc2 Bb7 6.Nc3 c5 7.e4 cxd4 8.Nxd4 Bc5
9.Nb3 Nc6 10.Nxc5 bxc5 11.Bd3 h6 12.O-O O-O 13.Be3 Nd4 14.Bxd4 cxd4 15.Nb5 e5
16.Nd6  1/2-1/2

[Event "Vrnjacka Banja"]
[Site "Vrnjacka Banja"]
[Date "1983.??.??"]
[Round "11"]
[White "Schmidt, Wlodzimierz"]
[Black "Marjanovic, Slavoljub"]
[Result "0-1"]
[WhiteElo "2450"]
[BlackElo "2435"]

1.d4 Nf6 2.c4 e6 3.Nf3 b6 4.a3 Ba6 5.Qc2 Bb7 6.Nc3 c5 7.d5 exd5 8.cxd5 Nxd5
9.Bg5 Be7 10.Qe4 Nxc3 11.Qxb7 Nc6 12.Bxe7 Kxe7 13.bxc3 Rb8 14.Qa6 b5 15.a4 Rb6
16.axb5 Rxa6 17.Rxa6 Qb8 18.e3 Ne5 19.c4 Nxf3+ 20.gxf3 Qe5 21.Be2 Qc3+ 22.Kf1 h5
23.h4 Rh6 24.Rxh6 gxh6 25.e4 Qd2 26.Rh3 Kf8 27.Rg3 d6 28.Rh3 f5 29.Rg3 Qc1+
30.Kg2 Qc2 31.Kf1 fxe4 32.fxe4 Qb1+ 33.Kg2 Qxe4+ 34.Rf3+ Kg7 35.Bd3 Qxh4
36.Rg3+ Kh8 37.Bf1 d5 38.cxd5 Qe4+ 39.Kg1 Qxd5 40.Ra3 Qg5+ 41.Rg3 Qc1 42.Re3 c4
43.Kg2 c3 44.Bd3 Qd2 45.Be4 h4  0-1

[Event "Warsaw"]
[Site "Warsaw"]
[Date "1983.??.??"]
[Round "11"]
[White "Szymczak, Zbigniew"]
[Black "Foisor, Ovidiu"]
[Result "0-1"]
[WhiteElo "2460"]
[BlackElo "2430"]

1.d4 Nf6 2.c4 e6 3.Nf3 b6 4.a3 Ba6 5.Qc2 c5 6.d5 exd5 7.cxd5 g6 8.Nc3 Bg7
9.g3 O-O 10.Bg2 d6 11.O-O Re8 12.Re1 Qc7 13.Bf4 Nh5 14.Bd2 Nd7 15.b4 Bxe2
16.g4 cxb4 17.axb4 Nf4 18.Bxf4 Qxc3 19.Rac1 Qxb4 20.Bxd6 Qxd6 21.Rxe2 Nc5
22.Rce1 Rxe2 23.Qxe2 a6 24.Qe3 b5 25.Rc1 Rc8 26.Nd2 Rc7 27.Qe8+ Bf8 28.Ne4 Nxe4
29.Rxc7 Qxc7 30.Bxe4 Kg7 31.Qc6 Qf4 32.Qc3+ Qf6 33.Qxf6+ Kxf6 34.Kf1 Ke5
35.f3 Kd4 36.Ke2 Kc3 37.Bd3 Kd4 38.Be4 Bd6 39.h3 Kc3 40.Bd3 Kd4 41.Be4 b4  0-1

[Event "Warsaw"]
[Site "Warsaw"]
[Date "1983.??.??"]
[Round "13"]
[White "Boensch, Uwe"]
[Black "Spassov, Liuben"]
[Result "1/2-1/2"]
[WhiteElo "2450"]
[BlackElo "2460"]

1.d4 Nf6 2.c4 e6 3.Nf3 b6 4.a3 Ba6 5.Qc2 Bb7 6.Nc3 c5 7.e4 cxd4 8.Nxd4 d6
9.Be2 a6 10.O-O Be7 11.Be3 O-O 12.Rfd1 Nbd7 13.f3 Rc8 14.Qb3  1/2-1/2